|
|
|
|
| LEADER |
00000cam a22000004a 4500 |
| 001 |
musev2_40577 |
| 003 |
MdBmJHUP |
| 005 |
20230905044244.0 |
| 006 |
m o d |
| 007 |
cr||||||||nn|n |
| 008 |
100707s2005 nyu o 00 0 eng d |
| 020 |
|
|
|a 9781942242277
|
| 020 |
|
|
|z 9781885445377
|
| 020 |
|
|
|z 9781885445278
|
| 035 |
|
|
|a (OCoLC)646484804
|
| 040 |
|
|
|a MdBmJHUP
|c MdBmJHUP
|
| 100 |
1 |
|
|a Lee, Ann Sung-hi.
|
| 245 |
1 |
0 |
|a Mujong (The Heartless) :
|b Yi Kwang-su and Modern Korean Literature /
|c Ann Sung-hi Lee.
|
| 264 |
|
1 |
|a Ithaca, NY :
|b East Asia Program, Cornell University,
|c 2005.
|
| 264 |
|
3 |
|a Baltimore, Md. :
|b Project MUSE,
|c 2016
|
| 264 |
|
4 |
|c ©2005.
|
| 300 |
|
|
|a 1 online resource (444 pages):
|b illustrations
|
| 336 |
|
|
|a text
|b txt
|2 rdacontent
|
| 337 |
|
|
|a computer
|b c
|2 rdamedia
|
| 338 |
|
|
|a online resource
|b cr
|2 rdacarrier
|
| 490 |
0 |
|
|a Cornell East Asia series ;
|v 127
|
| 588 |
|
|
|a Description based on print version record.
|
| 600 |
1 |
7 |
|a Yi, Kwang-su.
|2 swd
|
| 600 |
1 |
0 |
|a Yi, Kwang-su,
|d 1892-1950.
|t Mujŏng.
|
| 630 |
0 |
7 |
|a Mujŏng (Yi, Kwang-su)
|2 fast
|0 (OCoLC)fst01400611
|
| 650 |
|
7 |
|a Literatur
|2 gnd
|
| 651 |
|
7 |
|a Korea
|2 gnd
|
| 655 |
|
7 |
|a Electronic books.
|2 local
|
| 700 |
1 |
2 |
|a Yi, Kwang-su,
|d 1892-1950.
|t Mujŏng.
|l English.
|
| 710 |
2 |
|
|a Project Muse.
|e distributor
|
| 830 |
|
0 |
|a Book collections on Project MUSE.
|
| 856 |
4 |
0 |
|z Texto completo
|u https://projectmuse.uam.elogim.com/book/40577/
|
| 945 |
|
|
|a Project MUSE - Custom Collection
|
| 945 |
|
|
|a Project MUSE - Archive Complete Supplement IV
|
| 945 |
|
|
|a Project MUSE - Archive Literature Supplement IV
|
| 945 |
|
|
|a Project MUSE - Archive Asian and Pacific Studies Supplement III
|